000 00366 a2200121 4500
000 nam a22 7a 4500
005 20250922144055.0
020 _a9781498551595 (pbk)
100 _aMaria L. Lagutina
_9822211
245 _aRussia's Arctic policy in the twenty-first century: national and international dimensions
260 _bLexington books
_c2019
942 _cTB
999 _c1435988
_d1435988